<?xml version="1.0" encoding="UTF-8"?>
<record
    xmlns:xsi="http://www.w3.org/2001/XMLSchema-instance"
    xsi:schemaLocation="http://www.loc.gov/MARC21/slim http://www.loc.gov/standards/marcxml/schema/MARC21slim.xsd"
    xmlns="http://www.loc.gov/MARC21/slim">

  <leader>01086nam a2200145   4500</leader>
  <controlfield tag="008">180912b        xxu||||| |||| 00| 0 eng d</controlfield>
  <datafield tag="020" ind1=" " ind2=" ">
    <subfield code="a">9789585767102</subfield>
  </datafield>
  <datafield tag="082" ind1=" " ind2=" ">
    <subfield code="a">759.986.1</subfield>
    <subfield code="b">P123f</subfield>
  </datafield>
  <datafield tag="100" ind1=" " ind2=" ">
    <subfield code="a">Padilla, Christian</subfield>
    <subfield code="9">6663</subfield>
  </datafield>
  <datafield tag="245" ind1=" " ind2=" ">
    <subfield code="a">Fernando Botero </subfield>
    <subfield code="b">la b&#xFA;squeda del estilo: 1949-1963</subfield>
  </datafield>
  <datafield tag="260" ind1=" " ind2=" ">
    <subfield code="a">Colombia</subfield>
    <subfield code="b">Tangrama</subfield>
    <subfield code="c">2012</subfield>
  </datafield>
  <datafield tag="300" ind1=" " ind2=" ">
    <subfield code="a">199 p.</subfield>
    <subfield code="b">ill (col)</subfield>
    <subfield code="c">29 x 25 cm</subfield>
  </datafield>
  <datafield tag="505" ind1=" " ind2=" ">
    <subfield code="t">Revelando los inicios de una carrera excepcional</subfield>
    <subfield code="r">Edward J. Sullivan</subfield>
    <subfield code="t">Exordio</subfield>
    <subfield code="t">Formaci&#xF3;n en Colombia: 1949-1952</subfield>
    <subfield code="t">Pensamiento y contexto intelectual</subfield>
    <subfield code="t">Ruptura con la provincia y viaje a la capital</subfield>
    <subfield code="t">La experiencia europea y el regreso a Colombia: 1952-1955</subfield>
    <subfield code="t">Descubriendo el renacimiento</subfield>
    <subfield code="t">Desilusi&#xF3;n y replanteamientos formales</subfield>
    <subfield code="t">La influencia de Obreg&#xF3;n</subfield>
    <subfield code="t">Primera &#xE9;poca de L&#xE1;mpara</subfield>
    <subfield code="t">Consagraci&#xF3;n y consolidaci&#xF3;n del estilo: 1956-1963</subfield>
    <subfield code="t">Monumentalidad y experiencia mexicana</subfield>
    <subfield code="t">Anatom&#xED;a boteriana</subfield>
    <subfield code="t">Expresionismo y "fe&#xED;smo"</subfield>
    <subfield code="t">Segunda &#xE9;poca de L&#xE1;mpara</subfield>
    <subfield code="t">Nueva figuraci&#xF3;n y nuevos temas</subfield>
    <subfield code="t">Nueva York y la &#xFA;ltima revoluci&#xF3;n personal</subfield>
  </datafield>
  <datafield tag="650" ind1=" " ind2=" ">
    <subfield code="x">pintura</subfield>
    <subfield code="x">Colombia</subfield>
    <subfield code="x">pintores colombianos</subfield>
    <subfield code="x">cat&#xE1;logos</subfield>
    <subfield code="9">6664</subfield>
  </datafield>
  <datafield tag="999" ind1=" " ind2=" ">
    <subfield code="c">1613</subfield>
    <subfield code="d">1613</subfield>
  </datafield>
  <datafield tag="952" ind1=" " ind2=" ">
    <subfield code="0">0</subfield>
    <subfield code="1">0</subfield>
    <subfield code="2">ddc</subfield>
    <subfield code="4">0</subfield>
    <subfield code="7">0</subfield>
    <subfield code="a">LV</subfield>
    <subfield code="b">LV</subfield>
    <subfield code="c">Monograf&#xED;as</subfield>
    <subfield code="d">2018-09-12</subfield>
    <subfield code="l">0</subfield>
    <subfield code="o">759.986.1 P123f</subfield>
    <subfield code="p">002371</subfield>
    <subfield code="r">2018-09-12 00:00:00</subfield>
    <subfield code="w">2018-09-12</subfield>
    <subfield code="y">01</subfield>
  </datafield>
</record>
